000 00339 a2200133 4500
005 20250411171455.0
082 _a657 NIV
100 _aNIVEN, W.
245 _aBasic Accounting Procedures
260 _aEnglewood Cliffs,
_bPrentice-Hall,
_c1964.
300 _axi, 369p.: ill.; table.
_bIndex.
_c24cm.
700 _aOHMAN, A.
942 _2ddc
_cBKS
999 _c1340
_d1340